000 00208nam a22000857a 4500
008 170119b xxu||||| |||| 00| 0 eng d
100 _92511
_aBhaskar.U.
245 _aLearnwell EVS-1
260 _aNew Delhi
_bHFI
_c2011
999 _c5584
_d5584